<?xml version="1.0" encoding="UTF-8"?>
<record
    xmlns:xsi="http://www.w3.org/2001/XMLSchema-instance"
    xsi:schemaLocation="http://www.loc.gov/MARC21/slim http://www.loc.gov/standards/marcxml/schema/MARC21slim.xsd"
    xmlns="http://www.loc.gov/MARC21/slim">

  <leader>00864nam a22001577a 4500</leader>
  <controlfield tag="008">120724t        xxu||||| |||| 00| 0 eng d</controlfield>
  <datafield tag="020" ind1=" " ind2=" ">
    <subfield code="a">97780619215590</subfield>
  </datafield>
  <datafield tag="050" ind1=" " ind2=" ">
    <subfield code="a">QA76.9.D314.A9</subfield>
  </datafield>
  <datafield tag="100" ind1=" " ind2=" ">
    <subfield code="a">Afyouni, Hassan A.</subfield>
  </datafield>
  <datafield tag="245" ind1=" " ind2=" ">
    <subfield code="a">Database security and auditing: protecting data integrity and accessibility. /</subfield>
    <subfield code="c">Hassan A. Afyouni.</subfield>
  </datafield>
  <datafield tag="260" ind1=" " ind2=" ">
    <subfield code="a">Australia:</subfield>
    <subfield code="b">Thomson Course Technology,</subfield>
    <subfield code="c">2006.</subfield>
  </datafield>
  <datafield tag="300" ind1=" " ind2=" ">
    <subfield code="a">xviii, 429 p.:</subfield>
    <subfield code="b">ill.;</subfield>
    <subfield code="c">24cm.</subfield>
  </datafield>
  <datafield tag="500" ind1=" " ind2=" ">
    <subfield code="a">Includes index.</subfield>
  </datafield>
  <datafield tag="505" ind1=" " ind2=" ">
    <subfield code="a">Contents: Introduction -- Security architecture -- Operating system security fundamentals -- Adminstration of users -- Profiles, password policies, privileges and roles -- Database application security models -- Virtual private databases -- Database auditing models -- Application data auditing -- Auditing database activities -- Security and auditing project cases.</subfield>
  </datafield>
  <datafield tag="942" ind1=" " ind2=" ">
    <subfield code="2">lcc</subfield>
    <subfield code="c">BK</subfield>
  </datafield>
  <datafield tag="999" ind1=" " ind2=" ">
    <subfield code="c">1816</subfield>
    <subfield code="d">9316</subfield>
  </datafield>
  <datafield tag="952" ind1=" " ind2=" ">
    <subfield code="0">0</subfield>
    <subfield code="1">0</subfield>
    <subfield code="2">lcc</subfield>
    <subfield code="4">0</subfield>
    <subfield code="7">0</subfield>
    <subfield code="a">WIUC-1</subfield>
    <subfield code="b">WIUC-1</subfield>
    <subfield code="c">GEN</subfield>
    <subfield code="d">2012-07-24</subfield>
    <subfield code="l">0</subfield>
    <subfield code="o">QA76.9.D314.A9</subfield>
    <subfield code="p">5296/12</subfield>
    <subfield code="r">2012-07-24 00:00:00</subfield>
    <subfield code="t">1</subfield>
    <subfield code="w">2012-07-24</subfield>
    <subfield code="y">BK</subfield>
  </datafield>
  <datafield tag="952" ind1=" " ind2=" ">
    <subfield code="0">0</subfield>
    <subfield code="1">0</subfield>
    <subfield code="2">lcc</subfield>
    <subfield code="4">0</subfield>
    <subfield code="7">0</subfield>
    <subfield code="a">WIUC-1</subfield>
    <subfield code="b">WIUC-1</subfield>
    <subfield code="c">GEN</subfield>
    <subfield code="d">2012-07-24</subfield>
    <subfield code="l">0</subfield>
    <subfield code="o">QA76.9.D314.A91</subfield>
    <subfield code="p">5297/12</subfield>
    <subfield code="r">2012-07-24 00:00:00</subfield>
    <subfield code="t">2</subfield>
    <subfield code="w">2012-07-24</subfield>
    <subfield code="y">BK</subfield>
  </datafield>
  <datafield tag="952" ind1=" " ind2=" ">
    <subfield code="0">0</subfield>
    <subfield code="1">0</subfield>
    <subfield code="2">lcc</subfield>
    <subfield code="4">0</subfield>
    <subfield code="7">0</subfield>
    <subfield code="a">WIUC-1</subfield>
    <subfield code="b">WIUC-1</subfield>
    <subfield code="c">GEN</subfield>
    <subfield code="d">2012-07-24</subfield>
    <subfield code="l">0</subfield>
    <subfield code="o">QA76.9.D314.A92</subfield>
    <subfield code="p">5302/12</subfield>
    <subfield code="r">2012-07-24 00:00:00</subfield>
    <subfield code="t">3</subfield>
    <subfield code="w">2012-07-24</subfield>
    <subfield code="y">BK</subfield>
  </datafield>
  <datafield tag="952" ind1=" " ind2=" ">
    <subfield code="0">0</subfield>
    <subfield code="1">0</subfield>
    <subfield code="2">lcc</subfield>
    <subfield code="4">0</subfield>
    <subfield code="7">0</subfield>
    <subfield code="a">WIUC-1</subfield>
    <subfield code="b">WIUC-1</subfield>
    <subfield code="c">GEN</subfield>
    <subfield code="d">2012-07-24</subfield>
    <subfield code="l">0</subfield>
    <subfield code="o">QA76.9.D314.A93</subfield>
    <subfield code="p">5298/12</subfield>
    <subfield code="r">2012-07-24 00:00:00</subfield>
    <subfield code="t">4</subfield>
    <subfield code="w">2012-07-24</subfield>
    <subfield code="y">BK</subfield>
  </datafield>
  <datafield tag="952" ind1=" " ind2=" ">
    <subfield code="0">0</subfield>
    <subfield code="1">0</subfield>
    <subfield code="2">lcc</subfield>
    <subfield code="4">0</subfield>
    <subfield code="7">0</subfield>
    <subfield code="a">WIUC-1</subfield>
    <subfield code="b">WIUC-1</subfield>
    <subfield code="c">GEN</subfield>
    <subfield code="d">2012-07-24</subfield>
    <subfield code="l">0</subfield>
    <subfield code="o">QA76.9.D314.A94</subfield>
    <subfield code="p">5299/12</subfield>
    <subfield code="r">2012-07-24 00:00:00</subfield>
    <subfield code="t">5</subfield>
    <subfield code="w">2012-07-24</subfield>
    <subfield code="y">BK</subfield>
  </datafield>
  <datafield tag="952" ind1=" " ind2=" ">
    <subfield code="0">0</subfield>
    <subfield code="1">0</subfield>
    <subfield code="2">lcc</subfield>
    <subfield code="4">0</subfield>
    <subfield code="7">0</subfield>
    <subfield code="a">WIUC-1</subfield>
    <subfield code="b">WIUC-1</subfield>
    <subfield code="c">GEN</subfield>
    <subfield code="d">2012-07-24</subfield>
    <subfield code="l">0</subfield>
    <subfield code="o">QA76.9.D314.A95</subfield>
    <subfield code="p">5300/12</subfield>
    <subfield code="r">2012-07-24 00:00:00</subfield>
    <subfield code="t">6</subfield>
    <subfield code="w">2012-07-24</subfield>
    <subfield code="y">BK</subfield>
  </datafield>
  <datafield tag="952" ind1=" " ind2=" ">
    <subfield code="0">0</subfield>
    <subfield code="1">0</subfield>
    <subfield code="2">lcc</subfield>
    <subfield code="4">0</subfield>
    <subfield code="7">0</subfield>
    <subfield code="a">WIUC-1</subfield>
    <subfield code="b">WIUC-1</subfield>
    <subfield code="c">GEN</subfield>
    <subfield code="d">2012-07-24</subfield>
    <subfield code="l">0</subfield>
    <subfield code="o">QA76.9.D314.A97</subfield>
    <subfield code="p">5301/12</subfield>
    <subfield code="r">2012-07-24 00:00:00</subfield>
    <subfield code="t">7</subfield>
    <subfield code="w">2012-07-24</subfield>
    <subfield code="y">BK</subfield>
  </datafield>
</record>
